LEADER 01387nam a2200289 i 4500 001 000000361482 003 CaOOAMICUS 005 20250128132937.0 008 250128s2006 it u000 u ita u 020 $a88-498-1436-4 040 $aSeMil$bita 100 1 $aBarcellona, Rossana,$d<1963- >.$0(OLS)http://semarc/name/114358 245 10$aFausto di Riez interprete del suo tempo :$bun vescovo tardoantico dentro la crisi dell'impero /$cRossana Barcellona ; presentazione di Salvatore Pricoco. 264 1$aSoveria Mannelli :$bRubbettino,$c2006. 300 $a175 p. ;$c21 cm. 490 1 $aArmarium ;$v12 600 04$aFausto : di Riez .$0(OLS)http://semarc/subject/11203 650 4$aChiesa e società - Bronte - Sec. 18.-19.$0(OLS)http://semarc/subject/56940 700 1 $aPricoco, Salvatore,$d<1927- >.$0(OLS)http://semarc/name/4560 830 0$aArmarium ;$v12.$0(OLS)http://semarc/title/12173 850 $aSeMil 852 $aSeMil$W1$xVenegono$y1$m2BA A 12$j254128$B252443$CSeMilBibl$Z2$F252443 $81 996 $6020$a88-498-1436-4$9(OLS)http://semarc/number/302330 996 $6245$aFausto di Riez interprete del suo tempo :$bun vescovo tardoantico dentro la crisi dell'impero$9(OLS)http://semarc/title/452222 996 $6264$aSoveria Mannelli :$bRubbettino$9(OLS)http://semarc/publisher/32145 LEADER 00866nam a2200205 i 4500 001 000000001746 003 CaOOAMICUS 005 20251218095511.0 008 180830s1981 be u000 u und u 040 $aSeMil$bita 245 10$aLiber Sacramentorum Gellonensis /$ccura A. Dumas. 260 $aTurnholti :$bBrepols,$c1981. 650 4$aSacramentari.$0(OLS)http://semarc/subject/59268 700 1 $aDumas, Antoine .$0(OLS)http://semarc/name/1588 774 0 $tIntroductio, tabulae et indices.$kCorpus Christianorum. Series Latina$w()105168 774 0 $tTextus.$kCorpus Christianorum. Series Latina$w()105169 830 0$aCorpus Christianorum. Series Latina.$0(OLS)http://semarc/title/37 996 $6245$aLiber Sacramentorum Gellonensis$9(OLS)http://semarc/title/2871 996 $6260$aTurnholti :$bBrepols$9(OLS)http://semarc/publisher/29625